Mainz 05 Gegner Oberliga Südwest 1981/82 - Statistiken

Allgemein
  • Dieses Quiz wurde 35 mal gespielt
  • Das Durchschnittsergebnis liegt bei 8 aus 20
Antwortstatistiken
Antwort % Korrekt
1. FC Kaiserlsautern Amateure
83%
FC Saarbrücken
83%
SV Eintracht Trier
83%
FC 08 Homburg
74%
FK 03 Pirmasens
74%
VfB Borussia Neunkirchen
74%
SV Südwest 82 Ludwigshafen
70%
SG Eintracht Bad Kreuznach
57%
SV Elversberg
52%
SV Hassia Bingen
48%
SV Röchlingen Völklingen
43%
FSV Salmrohr
35%
TuS Mayen
22%
Eisbachtaler Sportfreunde 1919
17%
SpVgg EGC Wirges
9%
FC Ensdorf
4%
FK Clausen
4%
SV Leiwen 1946
4%
ASC Dudweiler
0%
SV Rot-Weiß Haßborn-Dautweiler
0%
Keine übereinstimmenden Quizze gefunden
Verteilung der Resultate
Anzahl Personen mit jedem Resultat
Perzentil nach korrekt beantworteten Fragen
Ihre Resultats-Entwicklung
Sie haben dieses Quiz noch nicht gespielt